[Event "Annex CC-ch"]
[Site "Toronto CAN"]
[Date "2014.01.27"]
[Round "3"]
[White "Shah, Omar"]
[Black "Shebetah, Wajdy"]
[Result "0-1"]
[WhiteElo "1969"]
[BlackElo "2182"]
[PlyCount "74"]
[EventDate "2014.01.13"]
[EventType "swiss"]
[EventRounds "6"]
[EventCountry "CAN"]

1. Nf3 d6 2. b3 Bg4 3. e3 e5 4. Be2 Nf6 5. c4 Nbd7 6. d3 Be7 7. Nbd2 c6 8. Bb2
a5 9. a3 O-O 10. O-O Qb6 11. Qc2 Rfe8 12. Rfe1 Bf8 13. Rac1 c5 14. a4 Nb8 15.
d4 Nc6 16. dxe5 dxe5 17. Ng5 Bxe2 18. Nde4 Nxe4 19. Qxe4 Bd3 20. Qxd3 g6 21.
Qd7 Be7 22. f4 Rad8 23. Qg4 Qxb3 24. Rb1 Qxc4 25. Rf1 Qd3 26. Nxf7 Qxe3+ 27.
Kh1 Kxf7 28. fxe5+ Kg7 29. e6+ Nd4 30. Rf7+ Kg8 31. h4 Rd5 32. Rd1 Re5 33. Rxd4
cxd4 34. Bxd4 Qe1+ 35. Kh2 Bd6 36. Qf4 Qe4 37. Rg7+ Kh8 0-1

[Event "Annex CC-ch"]
[Site "Toronto CAN"]
[Date "2014.02.10"]
[Round "5"]
[White "Sobrepere, Josep"]
[Black "Shah, Omar"]
[Result "0-1"]
[WhiteElo "1830"]
[BlackElo "1969"]
[PlyCount "54"]
[EventDate "2014.01.13"]
[EventType "swiss"]
[EventRounds "6"]
[EventCountry "CAN"]

1. Nf3 Nf6 2. d4 b6 3. g3 Bb7 4. Bg2 e6 5. O-O c5 6. c3 Be7 7. Nbd2 cxd4 8.
cxd4 O-O 9. b3 d6 10. Bb2 Nbd7 11. Rc1 Rc8 12. Rxc8 Qxc8 13. Qb1 Qa8 14. Ba3 b5
15. Rc1 Ne4 16. Rc7 Nxd2 17. Nxd2 Bxg2 18. Rxd7 Bg5 19. f3 Bh3 20. Qd3 b4 21.
Bxb4 Qc6 22. Rxd6 Qc1+ 23. Kf2 Qh1 24. e3 Qxh2+ 25. Ke1 Qxg3+ 26. Kd1 Qg1+ 27.
Ke2 Be7 0-1

[Event "Annex CC-ch"]
[Site "Toronto CAN"]
[Date "2014.02.24"]
[Round "6"]
[White "Shah, Omar"]
[Black "Stefanovic, Miroslav"]
[Result "1/2-1/2"]
[WhiteElo "1969"]
[BlackElo "2057"]
[PlyCount "122"]
[EventDate "2014.01.13"]
[EventType "swiss"]
[EventRounds "6"]
[EventCountry "CAN"]

1. Nf3 Nf6 2. b3 c5 3. Bb2 g6 4. c4 Bg7 5. g3 O-O 6. Bg2 Nc6 7. O-O d6 8. a3 e5
9. d3 Ne8 10. Ne1 Be6 11. Nd2 Qd7 12. Nc2 Rb8 13. b4 b6 14. b5 Ne7 15. e4 a6
16. bxa6 b5 17. Bc3 Nc6 18. Rb1 Nc7 19. Ne3 b4 20. axb4 cxb4 21. a7 Rb7 22. Nd5
Na6 23. Bb2 Rxa7 24. Ra1 Nc5 25. Qc2 Bxd5 26. exd5 Na5 27. Ne4 Ncb3 28. Rab1
Rc8 29. Bc1 Nd4 30. Qd1 Rb8 31. Bh6 b3 32. Bg5 f5 33. Nf6+ Bxf6 34. Bxf6 Rf8
35. Bg5 f4 36. f3 Qf5 37. Bh4 g5 38. g4 Qc8 39. Bf2 Qc5 40. Re1 Rfa8 41. Re4
Qb4 42. Bxd4 exd4 43. Qe2 Qc3 44. Re1 b2 45. Re8+ Rxe8 46. Qxe8+ Kg7 47. Re7+
Rxe7 48. Qxe7+ Kg8 49. Qd8+ Kf7 50. Qd7+ Kg8 51. Qd8+ Kf7 52. Qd7+ Kf8 53.
Qxd6+ Kg7 54. Qe7+ Kg8 55. Qxg5+ Kf7 56. Qxf4+ Kg8 57. Qg5+ Kf7 58. Qf4+ Kg7
59. Qg5+ Kf7 60. Qf5+ Kg7 61. Qg5+ Kf7 1/2-1/2

[Event "Annex CC-ch Reserves"]
[Site "Toronto CAN"]
[Date "2014.01.09"]
[Round "1"]
[White "Armstrong, Robert J"]
[Black "Geddie, Alex"]
[Result "1-0"]
[WhiteElo "1516"]
[BlackElo "993"]
[PlyCount "51"]
[EventDate "2014.01.13"]
[EventType "swiss"]
[EventRounds "6"]
[EventCountry "CAN"]

1. g3 e5 2. Bg2 d5 3. c4 Nf6 4. Qb3 c6 5. cxd5 cxd5 6. Nc3 Be6 7. Qxb7 Nbd7 8.
Qc6 Rc8 9. Qa4 Qb6 10. Nh3 Bc5 11. O-O O-O 12. Ng5 Rfe8 13. d3 d4 14. Nxe6 dxc3
15. Nxc5 Nxc5 16. Qa3 cxb2 17. Qxb2 Qxb2 18. Bxb2 Na4 19. Ba3 Nc3 20. Rfe1 Nfd5
21. Rac1 Nf6 22. Bb2 Nxa2 23. Rxc8 Rxc8 24. Bxe5 Nb4 25. Ra1 Nc6 26. Rc1 1-0

[Event "Annex CC-ch Reserves"]
[Site "Toronto CAN"]
[Date "2014.01.20"]
[Round "2"]
[White "Pulgarin, Julian"]
[Black "Armstrong, Robert J"]
[Result "1-0"]
[WhiteElo "1052"]
[BlackElo "1516"]
[PlyCount "39"]
[EventDate "2014.01.13"]
[EventType "swiss"]
[EventRounds "6"]
[EventCountry "CAN"]

1. e4 g6 2. d4 Bg7 3. Nc3 d6 4. Be3 Nf6 5. f3 O-O 6. Qd2 Nc6 7. O-O-O Bd7 8. g4
a6 9. h4 h5 10. Nge2 hxg4 11. h5 Nxh5 12. Bh6 f6 13. Bxg7 Kxg7 14. Nf4 Rh8 15.
Rg1 Nxf4 16. Qxf4 gxf3 17. Bc4 b5 18. Rxg6+ Kf8 19. Qh6+ Rxh6 20. Rg8# 1-0

[Event "Annex CC-ch Reserves"]
[Site "Toronto CAN"]
[Date "2014.02.03"]
[Round "4"]
[White "Pamwar, Manish"]
[Black "Armstrong, Robert J"]
[Result "0-1"]
[WhiteElo "1025"]
[BlackElo "1516"]
[PlyCount "68"]
[EventDate "2014.01.13"]
[EventType "swiss"]
[EventRounds "6"]
[EventCountry "CAN"]

1. e4 g6 2. d4 Bg7 3. Nf3 d6 4. Bc4 Nf6 5. Nc3 Nxe4 6. Nxe4 d5 7. Bb3 dxe4 8.
Ng5 O-O 9. c3 Bf5 10. g4 Bd7 11. h4 Bc6 12. h5 e3 13. d5 exf2+ 14. Kxf2 Bd7 15.
hxg6 hxg6 16. Rh7 e5 17. Rxg7+ Kxg7 18. Qh1 Rh8 19. Qf3 Qf6 20. Qxf6+ Kxf6 21.
Kg3 Na6 22. Be3 Kg7 23. Rf1 f5 24. gxf5 Bxf5 25. Ne6+ Bxe6 26. dxe6 Raf8 27.
Rd1 Rd8 28. Rxd8 Rxd8 29. e7 Re8 30. Bg5 Nc5 31. Bc4 Ne4+ 32. Kg4 Nxg5 33. Kxg5
Rxe7 34. Bd5 e4 0-1

[Event "Annex CC-ch Reserves"]
[Site "Toronto CAN"]
[Date "2014.02.10"]
[Round "5"]
[White "Armstrong, Robert J"]
[Black "Lee, Teresa"]
[Result "1-0"]
[WhiteElo "1524"]
[BlackElo "907"]
[PlyCount "118"]
[EventDate "2014.01.13"]
[EventType "swiss"]
[EventRounds "6"]
[EventCountry "CAN"]

1. g3 e5 2. Bg2 Bc5 3. c4 d6 4. Qb3 c6 5. Nc3 Qb6 6. Qxb6 Bxb6 7. Ne4 Ke7 8.
Nf3 Bf5 9. d3 Nd7 10. b3 d5 11. Ba3+ Ke8 12. Nd6+ Kd8 13. Nxf5 g6 14. Nd6 Ke7
15. cxd5 cxd5 16. Nxb7+ Kf6 17. Nd6 Ne7 18. Bb2 Nc6 19. O-O Rab8 20. e4 dxe4
21. Nxe4+ Kg7 22. Bh3 f5 23. Nd6 Rhf8 24. Rfe1 Bc7 25. Ba3 Rf6 26. Nc4 Rd8 27.
Bb2 Re8 28. Bg2 h5 29. d4 e4 30. Nfe5 Ndxe5 31. Nxe5 Nxe5 32. dxe5 Bxe5 33.
Bxe5 Rxe5 34. Red1 e3 35. fxe3 Rxe3 36. Rd2 g5 37. Rad1 Kg6 38. Bf1 f4 39. Bd3+
Kh6 40. Re2 Rxe2 41. Bxe2 fxg3 42. hxg3 h4 43. gxh4 gxh4 44. Rd4 Kg5 45. Rg4+
Kf5 46. Rxh4 Ke5 47. Rh7 a6 48. Ra7 Rg6+ 49. Kf1 Kd4 50. Rxa6 Rxa6 51. Bxa6 Kc3
52. Bc4 Kb4 53. Ke2 Ka3 54. Kd3 Kxa2 55. b4+ Ka3 56. b5 Ka4 57. b6 Ka5 58. b7
Kb6 59. b8=Q+ Kc5 1-0

[Event "Annex CC-ch Reserves"]
[Site "Toronto CAN"]
[Date "2014.02.24"]
[Round "6"]
[White "Supol, George"]
[Black "Armstrong, Robert J"]
[Result "0-1"]
[WhiteElo "1282"]
[BlackElo "1672"]
[PlyCount "110"]
[EventDate "2014.01.13"]
[EventType "swiss"]
[EventRounds "6"]
[EventCountry "CAN"]

1. e4 g6 2. Nf3 Bg7 3. Nc3 d6 4. Bc4 Nf6 5. O-O Nxe4 6. Bxf7+ Kxf7 7. Nxe4 Re8
8. c3 Kg8 9. Qb3+ d5 10. Ng3 e5 11. d3 b6 12. Re1 Nc6 13. a3 Be6 14. Ng5 Qd7
15. Nxe6 Rxe6 16. Qc2 Rae8 17. f3 Qe7 18. Qb3 Qd6 19. Be3 Kh8 20. Bf2 Ne7 21.
Qa4 Nc6 22. Rad1 a5 23. Qc2 Nb8 24. c4 c5 25. cxd5 Qxd5 26. Ne4 Nc6 27. Nc3 Qd8
28. Ne4 Nd4 29. Bxd4 exd4 30. Qd2 Qh4 31. g3 Qh5 32. Kg2 Bh6 33. f4 Qd5 34. Kg1
g5 35. fxg5 Bxg5 36. Nxg5 Rxe1+ 37. Rxe1 Rxe1+ 38. Qxe1 Qxg5 39. Qe8+ Kg7 40.
Qd7+ Kg6 41. Qe8+ Kg7 42. Qd7+ Kg6 43. Qe6+ Qf6 44. Qg8+ Kh6 45. Qb8 Qe6 46.
Qf4+ Kg6 47. Kf2 b5 48. Kf3 Qf5 49. Qxf5+ Kxf5 50. h4 c4 51. g4+ Ke5 52. dxc4
bxc4 53. g5 Kf5 54. Ke2 a4 55. Kd2 Kg4 0-1

[Event "April TNT"]
[Site "Winnipeg CAN"]
[Date "2014.04.01"]
[Round "1.5"]
[White "Atem, James"]
[Black "Boron, Anthony"]
[Result "0-1"]
[WhiteElo "1857"]
[BlackElo "2021"]
[PlyCount "56"]
[EventDate "2014.04.01"]
[EventType "swiss"]
[EventRounds "5"]
[EventCountry "CAN"]

1. d4 d5 2. g3 Nf6 3. Bg2 g6 4. Nd2 Bg7 5. c3 O-O 6. Ngf3 c6 7. Qb3 Nbd7 8. h3
Re8 9. O-O e5 10. e3 e4 11. Nh2 Qb6 12. Qc2 Nf8 13. c4 h5 14. c5 Qc7 15. a4
N8h7 16. b4 a6 17. h4 Bh6 18. Qc3 Bg4 19. Nb3 Bd7 20. Bb2 g5 21. hxg5 Nxg5 22.
Na5 Bh3 23. Bxh3 Nxh3+ 24. Kg2 Ng5 25. Rae1 Qd7 26. Rh1 Qh3+ 27. Kg1 Ng4 28. f3
Qxg3+ 0-1

[Event "April TNT"]
[Site "Winnipeg CAN"]
[Date "2014.04.01"]
[Round "1.5"]
[White "Clark, Jeff"]
[Black "Leaden, Bruce"]
[Result "1-0"]
[WhiteElo "1986"]
[BlackElo "1602"]
[PlyCount "51"]
[EventDate "2014.04.01"]
[EventType "swiss"]
[EventRounds "5"]
[EventCountry "CAN"]

1. d4 d5 2. Nf3 e6 3. c4 Nf6 4. Nc3 Bb4 5. a3 Bxc3+ 6. bxc3 O-O 7. e3 c6 8. Bd3
dxc4 9. Bxc4 Nbd7 10. O-O b5 11. Bd3 Re8 12. c4 e5 13. dxe5 Nxe5 14. Nxe5 Bb7
15. Bb2 bxc4 16. Bxc4 Re7 17. Qxd8+ Rxd8 18. Rfd1 Rxd1+ 19. Rxd1 Kf8 20. Rd8+
Re8 21. Rxe8+ Kxe8 22. Nxf7 Ke7 23. Bd4 Nd5 24. Ne5 a6 25. Nd3 g6 26. Nc5 1-0

[Event "April TNT"]
[Site "Winnipeg CAN"]
[Date "2014.04.01"]
[Round "1.5"]
[White "Kernetsky, Myron"]
[Black "Baron, Gustav"]
[Result "0-1"]
[WhiteElo "2027"]
[BlackElo "1876"]
[PlyCount "74"]
[EventDate "2014.04.01"]
[EventType "swiss"]
[EventRounds "5"]
[EventCountry "CAN"]

1. d4 c5 2. c3 Nf6 3. Nf3 e6 4. Bf4 b6 5. e3 Bb7 6. Bd3 Be7 7. h3 O-O 8. Nbd2
d5 9. O-O Nbd7 10. Ne5 Ne4 11. Ndf3 f6 12. Nxd7 Qxd7 13. a4 Rfd8 14. Qe2 a6 15.
Rfd1 Qc6 16. Rdc1 c4 17. Bc2 b5 18. axb5 axb5 19. Nh2 b4 20. Nf1 Rxa1 21. Rxa1
bxc3 22. Bxe4 cxb2 23. Bxh7+ Kxh7 24. Qxb2 e5 25. Bh2 c3 26. Qc2+ e4 27. Ng3
Ba6 28. Nf5 Bf8 29. Rc1 g6 30. Ng3 Rc8 31. Ne2 Bb4 32. Nf4 g5 33. Nh5 Ba3 34.
Re1 Bd3 35. Qd1 c2 36. Qg4 c1=Q 37. Qf5+ Kh6 0-1

[Event "April TNT"]
[Site "Winnipeg CAN"]
[Date "2014.04.01"]
[Round "1.5"]
[White "Reimer, Bruce"]
[Black "Schulz, Waldemar"]
[Result "0-1"]
[WhiteElo "1627"]
[BlackElo "1993"]
[PlyCount "112"]
[EventDate "2014.04.01"]
[EventType "swiss"]
[EventRounds "5"]
[EventCountry "CAN"]

1. c4 Nf6 2. g3 c6 3. Bg2 d5 4. b3 e6 5. d4 Nbd7 6. e3 Be7 7. Ne2 O-O 8. O-O b6
9. Nbc3 Bb7 10. Bb2 Rc8 11. e4 dxc4 12. e5 Nd5 13. bxc4 Nxc3 14. Bxc3 Qc7 15.
Qd2 Ba6 16. Rac1 Bxc4 17. Rfe1 Rfd8 18. f4 c5 19. Qb2 Bxe2 20. Rxe2 cxd4 21.
Bd2 Bc5 22. Kh1 Nb8 23. Bb4 Qe7 24. Rec2 Nd7 25. Qxd4 Rb8 26. Bxc5 Nxc5 27. Qb4
Qd7 28. Bf1 Qd5+ 29. Kg1 Qd4+ 30. Qxd4 Rxd4 31. Rb1 Rbd8 32. Be2 Rd2 33. Rxd2
Rxd2 34. Rd1 Rxd1+ 35. Bxd1 Kf8 36. Bc2 h6 37. Kf2 Ke7 38. Ke3 Kd7 39. h3 Kc6
40. Kd4 Kb5 41. a3 Nb7 42. g4 Nd8 43. f5 Nc6+ 44. Ke4 Kc4 45. fxe6 fxe6 46. Kf4
g5+ 47. Ke4 b5 48. Bd3+ Kc5 49. Bc2 b4 50. axb4+ Kxb4 51. Bb1 Kc3 52. Ba2 Nd4
53. Bxe6 Nxe6 54. Kd5 Nf4+ 55. Kd6 a5 56. e6 Nxe6 0-1

[Event "April TNT"]
[Site "Winnipeg CAN"]
[Date "2014.04.01"]
[Round "1.5"]
[White "Roy, Rayan"]
[Black "De Groot, Steven"]
[Result "0-1"]
[WhiteElo "1474"]
[BlackElo "1936"]
[PlyCount "34"]
[EventDate "2014.04.01"]
[EventType "swiss"]
[EventRounds "5"]
[EventCountry "CAN"]

1. e4 c5 2. Nf3 d6 3. d4 cxd4 4. Nxd4 Nf6 5. Nc3 a6 6. Bc4 e6 7. O-O b5 8. Be2
b4 9. Na4 Nxe4 10. Bf3 Bb7 11. c3 bxc3 12. Nxc3 Nxc3 13. bxc3 Bxf3 14. Qxf3 Nd7
15. Rb1 Ne5 16. Nc6 Nxf3+ 17. gxf3 Qc7 0-1

[Event "April TNT"]
[Site "Winnipeg CAN"]
[Date "2014.04.01"]
[Round "1.5"]
[White "Wasserman, Leor"]
[Black "Avena, Danilo"]
[Result "1-0"]
[WhiteElo "2020"]
[BlackElo "1759"]
[PlyCount "23"]
[EventDate "2014.04.01"]
[EventType "swiss"]
[EventRounds "5"]
[EventCountry "CAN"]

1. e4 c5 2. Nf3 d6 3. d4 cxd4 4. Nxd4 a6 5. Nc3 Nf6 6. Bc4 b5 7. Bb3 Bb7 8. O-O
Nxe4 9. Qf3 d5 10. Nxe4 dxe4 11. Bxf7+ Kd7 12. Qf5+ 1-0

[Event "April TNT"]
[Site "Winnipeg CAN"]
[Date "2014.04.01"]
[Round "1.5"]
[White "Wolchock, Theo"]
[Black "Huston-Earle, Joshua"]
[Result "1-0"]
[WhiteElo "1933"]
[BlackElo "1374"]
[PlyCount "125"]
[EventDate "2014.04.01"]
[EventType "swiss"]
[EventRounds "5"]
[EventCountry "CAN"]

1. c4 e6 2. g3 Nf6 3. Bg2 Be7 4. Nf3 O-O 5. O-O Nc6 6. d4 d5 7. b3 Na5 8. Nbd2
c5 9. Bb2 Nc6 10. Rc1 b6 11. Ne5 Bb7 12. Ndf3 cxd4 13. Nxc6 Bxc6 14. Nxd4 Bb7
15. cxd5 Bxd5 16. Nc6 Bxc6 17. Bxc6 Qxd1 18. Rfxd1 Rad8 19. Bf3 Rxd1+ 20. Rxd1
Rd8 21. Rxd8+ Bxd8 22. Kf1 Nd5 23. Bxd5 exd5 24. Ba3 f6 25. Ke1 Kf7 26. Kd2 Ke6
27. Kd3 Be7 28. Bxe7 Kxe7 29. Kd4 Kd6 30. b4 b5 31. e4 dxe4 32. Kxe4 Ke6 33.
Kd4 Kd6 34. g4 h6 35. f4 g6 36. h4 g5 37. fxg5 fxg5 38. h5 a6 39. a3 Ke6 40.
Ke4 Kf6 41. Kd5 Ke7 42. Kc6 Ke6 43. Kb6 Ke5 44. Kxa6 Kf4 45. Kxb5 Kxg4 46. a4
Kxh5 47. a5 g4 48. a6 g3 49. a7 g2 50. a8=Q g1=Q 51. Qd5+ Qg5 52. Kc5 Kg6 53.
Qxg5+ hxg5 54. b5 g4 55. Kd4 Kh5 56. Ke3 Kh4 57. b6 Kh3 58. b7 g3 59. b8=Q g2
60. Qh8+ Kg3 61. Qg7+ Kh2 62. Kf2 Kh3 63. Qg3# 1-0

[Event "April TNT"]
[Site "Winnipeg CAN"]
[Date "2014.04.08"]
[Round "2.5"]
[White "Avena, Danilo"]
[Black "Reimer, Bruce"]
[Result "0-1"]
[WhiteElo "1759"]
[BlackElo "1627"]
[PlyCount "110"]
[EventDate "2014.04.01"]
[EventType "swiss"]
[EventRounds "5"]
[EventCountry "CAN"]

1. e4 g6 2. Nf3 Bg7 3. e5 d6 4. d4 a6 5. Bc4 b5 6. Bb3 e6 7. O-O Nd7 8. Bg5 Ne7
9. Re1 h6 10. Bh4 Bb7 11. Nbd2 O-O 12. c3 dxe5 13. dxe5 g5 14. Bg3 Nf5 15. h3
Nxg3 16. fxg3 Nc5 17. Qc2 Qe7 18. Rad1 Rfd8 19. Nd4 Nxb3 20. axb3 Qc5 21. N2f3
Bxf3 22. gxf3 Bxe5 23. Qf2 Bxd4 24. cxd4 Qf5 25. Kg2 Rd5 26. Rc1 Rc8 27. Rc6 a5
28. Rec1 Rd7 29. R1c5 Qd3 30. f4 Qxb3 31. fxg5 hxg5 32. Rxg5+ Kf8 33. h4 Rd5
34. Rc5 Rxc5 35. dxc5 Rd8 36. Qf6 Rd2+ 37. Kh3 Qxb2 38. Qh6+ Ke7 39. Rg8 Rh2+
40. Kg4 Qe2+ 41. Kg5 Qe3+ 42. Kh5 Qxh6+ 43. Kxh6 a4 44. Rb8 c6 45. h5 Rg2 46.
Rb7+ Kd8 47. Kg5 Rxg3+ 48. Kf6 Rf3+ 49. Ke5 Rf5+ 50. Kd6 Rd5+ 51. Kxc6 Rxh5 52.
Kxb5 f5 53. Kxa4 f4 54. Rf7 Rf5 55. Rh7 Rxc5 0-1

[Event "April TNT"]
[Site "Winnipeg CAN"]
[Date "2014.04.08"]
[Round "2.5"]
[White "Boron, Anthony"]
[Black "Wolchock, Theo"]
[Result "1/2-1/2"]
[WhiteElo "2021"]
[BlackElo "1933"]
[PlyCount "38"]
[EventDate "2014.04.01"]
[EventType "swiss"]
[EventRounds "5"]
[EventCountry "CAN"]

1. Nf3 c5 2. e4 d6 3. Bb5+ Bd7 4. Bxd7+ Nxd7 5. c4 Ngf6 6. Nc3 e6 7. O-O Be7 8.
b3 O-O 9. Bb2 Nb6 10. d4 d5 11. exd5 exd5 12. cxd5 Nbxd5 13. Na4 cxd4 14. Qxd4
Nb4 15. Ba3 Qa5 16. Qe5 Qxe5 17. Nxe5 Nfd5 18. Rad1 Rfd8 19. Bxb4 Bxb4 1/2-1/2

[Event "April TNT"]
[Site "Winnipeg CAN"]
[Date "2014.04.08"]
[Round "2.5"]
[White "Czarny, Keith"]
[Black "Magyar, Peter"]
[Result "1/2-1/2"]
[WhiteElo "1769"]
[BlackElo "1538"]
[PlyCount "102"]
[EventDate "2014.04.01"]
[EventType "swiss"]
[EventRounds "5"]
[EventCountry "CAN"]

1. Nf3 e6 2. e4 d5 3. exd5 exd5 4. d4 Nf6 5. Nc3 Bb4 6. Bd2 O-O 7. Be2 Nc6 8.
a3 Ba5 9. O-O h6 10. Bf4 Bb6 11. Be3 Ne4 12. Na4 Re8 13. Nxb6 axb6 14. c4 Ne7
15. cxd5 Nxd5 16. Ne5 Be6 17. Bf3 Nxe3 18. fxe3 Bf5 19. Qb3 Rxe5 20. dxe5 Nd2
21. Qd1 Nxf1 22. Qxf1 c6 23. Rd1 Qe7 24. Bg4 Qxe5 25. Qe2 Re8 26. Kf2 g6 27.
Bf3 h5 28. h3 Be4 29. Rd7 c5 30. Qc4 Qxb2+ 31. Kg1 Qa1+ 32. Kh2 Qe5+ 33. Kh1
Re6 34. Bxe4 Qxe4 35. Rd8+ Kh7 36. Qc3 Re5 37. Qb3 Re6 38. Qb2 Qe5 39. Qf2 Qf6
40. Qd2 Qa1+ 41. Kh2 Qe5+ 42. Kh1 Qxe3 43. Qd7 Re7 44. Qc8 Qe1+ 45. Kh2 Qe5+
46. Kh1 Kh6 47. Rd1 b5 48. Qf8+ Kg5 49. Qd8 f5 50. Rd7 Qe1+ 51. Kh2 Qe5+
1/2-1/2

[Event "April TNT"]
[Site "Winnipeg CAN"]
[Date "2014.04.08"]
[Round "2.5"]
[White "De Groot, Steven"]
[Black "Wasserman, Leor"]
[Result "0-1"]
[WhiteElo "1936"]
[BlackElo "2020"]
[PlyCount "64"]
[EventDate "2014.04.01"]
[EventType "swiss"]
[EventRounds "5"]
[EventCountry "CAN"]

1. c4 e5 2. Nc3 Nc6 3. g3 Nf6 4. Bg2 Bc5 5. e3 d6 6. Nge2 Bg4 7. O-O O-O 8. a3
a5 9. Qc2 Re8 10. d3 Qd7 11. Nd5 Nxd5 12. cxd5 Ne7 13. Re1 Ng6 14. Bd2 h5 15.
f3 Bh3 16. Nc3 h4 17. Ne4 Bb6 18. Nf2 Bxg2 19. Kxg2 f5 20. f4 exf4 21. gxf4 Qf7
22. Qc4 Ne7 23. e4 Qg6+ 24. Kf3 Qh5+ 25. Kg2 h3+ 26. Kf1 Qf3 27. d4 fxe4 28.
Rxe4 Nf5 29. Qe2 Qg2+ 30. Ke1 Rxe4 31. Qxe4 Nxd4 32. Be3 Qxe4 0-1

[Event "April TNT"]
[Site "Winnipeg CAN"]
[Date "2014.04.08"]
[Round "2.5"]
[White "Evans, Jason"]
[Black "Remillard, John"]
[Result "1-0"]
[WhiteElo "1417"]
[BlackElo "1731"]
[PlyCount "51"]
[EventDate "2014.04.01"]
[EventType "swiss"]
[EventRounds "5"]
[EventCountry "CAN"]

1. e4 c5 2. Nf3 d6 3. d3 Nc6 4. Be2 e6 5. O-O Be7 6. c3 h5 7. Be3 Nf6 8. Nbd2
h4 9. h3 Nd7 10. d4 g5 11. Nh2 cxd4 12. cxd4 f5 13. Bh5+ Kf8 14. f4 Nf6 15.
fxg5 Nxh5 16. exf5 exf5 17. Ndf3 Ng3 18. Re1 Bd7 19. d5 Ne5 20. Qd4 Nxf3+ 21.
Nxf3 Rg8 22. Qxh4 Ne4 23. Qh6+ Kf7 24. Qh7+ Kf8 25. g6 Nf6 26. Qf7# 1-0

[Event "April TNT"]
[Site "Winnipeg CAN"]
[Date "2014.04.08"]
[Round "2.5"]
[White "Huston-Earle, Joshua"]
[Black "Rutter, Blair"]
[Result "0-1"]
[WhiteElo "1374"]
[BlackElo "1889"]
[PlyCount "82"]
[EventDate "2014.04.01"]
[EventType "swiss"]
[EventRounds "5"]
[EventCountry "CAN"]

1. d4 d5 2. c4 Nf6 3. Nf3 Bg4 4. e3 Nbd7 5. cxd5 Nxd5 6. Bc4 c6 7. e4 N5f6 8.
Nc3 e6 9. a3 Be7 10. Be3 Rc8 11. Qd2 O-O 12. O-O-O b5 13. Bd3 Qa5 14. Na2 Qb6
15. Kb1 a5 16. Rc1 b4 17. d5 c5 18. dxe6 Bxe6 19. a4 Rfd8 20. e5 Ng4 21. Bf4 c4
22. Be2 Ndxe5 23. Qe1 Ng6 24. Bg3 Qc6 25. b3 Qe4+ 26. Ka1 Bf6+ 27. Nc3 bxc3 28.
Bxc4 Qxe1 29. Rhxe1 Bxc4 30. bxc4 Rxc4 31. h3 Rxa4+ 32. Kb1 Rb4+ 33. Ka2 Nxf2
34. Bxf2 Rb2+ 35. Ka3 Rxf2 36. h4 Rxg2 37. h5 Nf4 38. Rcd1 Rc8 39. Rd7 Re2 40.
Red1 c2 41. Rc1 Rf8 0-1

[Event "April TNT"]
[Site "Winnipeg CAN"]
[Date "2014.04.08"]
[Round "2.5"]
[White "Leaden, Bruce"]
[Black "Kernetsky, Myron"]
[Result "0-1"]
[WhiteElo "1602"]
[BlackElo "2027"]
[PlyCount "58"]
[EventDate "2014.04.01"]
[EventType "swiss"]
[EventRounds "5"]
[EventCountry "CAN"]

1. d4 Nf6 2. Nf3 e6 3. c4 b6 4. Nc3 Bb4 5. Qc2 Bb7 6. Bd2 O-O 7. a3 Bxc3 8.
bxc3 Ne4 9. Bf4 d6 10. Nd2 f5 11. f3 Nxd2 12. Qxd2 Qe8 13. e3 Nc6 14. Bd3 e5
15. Bg3 exd4 16. cxd4 Nxd4 17. O-O Nb3 18. Qc3 Nxa1 19. Bf2 Qe5 20. Qxe5 dxe5
21. Rxa1 Rad8 22. Rd1 Ba6 23. Bh4 Rd7 24. Kf2 e4 25. Bc2 Rxd1 26. Bxd1 Bxc4 27.
f4 Rf7 28. g4 g6 29. g5 Rd7 0-1

[Event "April TNT"]
[Site "Winnipeg CAN"]
[Date "2014.04.08"]
[Round "2.5"]
[White "Lipnowski, Samuel"]
[Black "Clark, Jeff"]
[Result "1/2-1/2"]
[WhiteElo "2238"]
[BlackElo "1986"]
[PlyCount "38"]
[EventDate "2014.04.01"]
[EventType "swiss"]
[EventRounds "5"]
[EventCountry "CAN"]

1. c4 c5 2. Nf3 Nc6 3. g3 g6 4. Bg2 Bg7 5. O-O Nf6 6. d4 cxd4 7. Nxd4 O-O 8.
Nxc6 dxc6 9. Qb3 Qc7 10. Bf4 e5 11. Bg5 Be6 12. Qc2 h6 13. Be3 Rfd8 14. Na3 Ng4
15. Bc1 Rd7 16. b3 Nf6 17. Be3 Rad8 18. Rad1 Bf5 19. Qc1 Kh7 1/2-1/2

[Event "April TNT"]
[Site "Winnipeg CAN"]
[Date "2014.04.08"]
[Round "2.5"]
[White "Schulz, Waldemar"]
[Black "Baron, Gustav"]
[Result "1-0"]
[WhiteElo "1993"]
[BlackElo "1876"]
[PlyCount "52"]
[EventDate "2014.04.01"]
[EventType "swiss"]
[EventRounds "5"]
[EventCountry "CAN"]

1. Nf3 g6 2. g3 Bg7 3. Bg2 d6 4. d4 Nf6 5. O-O O-O 6. c4 c5 7. Nc3 Nbd7 8. b3
a6 9. Bb2 b5 10. cxb5 axb5 11. Nxb5 Ba6 12. Nc3 Qb6 13. Na4 Qa7 14. dxc5 dxc5
15. Ne5 Nxe5 16. Bxa8 Qxa8 17. Bxe5 Bc8 18. e4 Bh3 19. f3 Rd8 20. Qe2 Bh6 21.
Rfd1 Rc8 22. Nb6 Qb7 23. Nxc8 Qxc8 24. Rd3 Qa6 25. Rd8+ Kg7 26. Qxa6 Be3+ 1-0

[Event "April TNT"]
[Site "Winnipeg CAN"]
[Date "2014.04.15"]
[Round "3.5"]
[White "Baron, Gustav"]
[Black "Czarny, Keith"]
[Result "1-0"]
[WhiteElo "1876"]
[BlackElo "1769"]
[PlyCount "87"]
[EventDate "2014.04.01"]
[EventType "swiss"]
[EventRounds "5"]
[EventCountry "CAN"]

1. d4 e6 2. e4 c5 3. Nf3 Nc6 4. Nc3 cxd4 5. Nxd4 Bc5 6. Ndb5 a6 7. Nd6+ Bxd6 8.
Qxd6 Qe7 9. Bf4 e5 10. Qxe7+ Ngxe7 11. Be3 O-O 12. O-O-O b5 13. h3 Rb8 14. g4
Ng6 15. Nd5 d6 16. f4 exf4 17. Nxf4 Nce5 18. Rxd6 Nc4 19. Bxc4 bxc4 20. Re1 Ne5
21. Nd5 a5 22. Bf4 f6 23. Rf1 Ng6 24. Rxf6 gxf6 25. Bxb8 c3 26. Nxc3 Ba6 27.
Rf5 Rxb8 28. Rxf6 Bc4 29. b3 Bf7 30. Rf5 Rc8 31. Kb2 Ne7 32. Rxa5 Re8 33. Ra6
Ng6 34. a4 Ne5 35. Ra5 Bg6 36. h4 Nxg4 37. h5 Re5 38. Rxe5 Nxe5 39. hxg6 h5 40.
a5 h4 41. a6 h3 42. Ne2 Kg7 43. b4 Kxg6 44. b5 1-0

[Event "April TNT"]
[Site "Winnipeg CAN"]
[Date "2014.04.15"]
[Round "3.5"]
[White "Clark, Jeff"]
[Black "Evans, Jason"]
[Result "1/2-1/2"]
[WhiteElo "1986"]
[BlackElo "1417"]
[PlyCount "44"]
[EventDate "2014.04.01"]
[EventType "swiss"]
[EventRounds "5"]
[EventCountry "CAN"]

1. e4 d6 2. d4 c6 3. f4 Qc7 4. Nf3 Bg4 5. Be2 Nd7 6. O-O e5 7. Nc3 Ngf6 8. Be3
Be7 9. h3 Bxf3 10. Bxf3 O-O 11. dxe5 dxe5 12. f5 Bc5 13. Qe2 Bd4 14. Nd1 Bxe3+
15. Qxe3 Qb6 16. Qxb6 axb6 17. Nc3 Rfd8 18. Rad1 Nc5 19. Kf2 Kf8 20. Ke3 Ke7
21. g4 Rxd1 22. Rxd1 Na4 1/2-1/2

[Event "April TNT"]
[Site "Winnipeg CAN"]
[Date "2014.04.15"]
[Round "3.5"]
[White "Kernetsky, Myron"]
[Black "Atem, James"]
[Result "1-0"]
[WhiteElo "2027"]
[BlackElo "1857"]
[PlyCount "77"]
[EventDate "2014.04.01"]
[EventType "swiss"]
[EventRounds "5"]
[EventCountry "CAN"]

1. d4 c6 2. c4 e6 3. Bf4 Na6 4. Nc3 Nf6 5. e3 Bb4 6. Bd3 c5 7. Nge2 Nh5 8. Bg3
cxd4 9. exd4 Nxg3 10. hxg3 g6 11. Qd2 Qf6 12. Qe3 O-O 13. O-O-O Nc7 14. Ne4 Qg7
15. Ng5 h6 16. Nf3 h5 17. Nf4 f5 18. Nxh5 gxh5 19. Rxh5 Kf7 20. Rdh1 Ke8 21.
Bxf5 Kd8 22. Bd3 Be7 23. Rh7 Qg4 24. Ne5 Qg5 25. Nf7+ Rxf7 26. Rxf7 Qxe3+ 27.
fxe3 d5 28. Rh8+ Ne8 29. cxd5 exd5 30. Bb5 Bd7 31. Bxd7 Kxd7 32. Rhh7 Rc8+ 33.
Kd2 Rc7 34. Rxe7+ Kd6 35. Rxc7 Nxc7 36. b4 Ne6 37. Rxb7 Ng5 38. Rxa7 Ne4+ 39.
Kd3 1-0